| 000 | 00613cam a22002053a 4500 | ||
|---|---|---|---|
| 001 | 42649 | ||
| 003 | PGUSA | ||
| 005 | 20140828083951.0 | ||
| 008 | 130505s2013||||xxu|||||s|||||000 | eng d | ||
| 040 |
_aPGUSA _beng |
||
| 042 | _adc | ||
| 100 | 1 | _aPitré, Giuseppe | |
| 245 | 1 | 0 |
_aAvvenimenti faceti : _bRaccolti da un Anonimo Siciliano del secolo XVIII _h[electronic resource] / _cGiuseppe Pitré |
| 260 |
_bProject Gutenberg, _c2013 |
||
| 506 | _aPublic domain in the USA. | ||
| 516 | _aElectronic text | ||
| 830 | 0 |
_aProject Gutenberg _v42649 |
|
| 856 | 4 | 0 | _uhttp://www.gutenberg.org/ebooks/42649 |
| 942 | _cEB | ||
| 999 |
_c271901 _d271901 |
||